Purchasing and supply chain management: analysis, strategy, planning and practice. / (Record no. 7424)
[ view plain ]
| 000 -LEADER | |
|---|---|
| fixed length control field | 01530nam a22002417a 4500 |
| 003 - CONTROL NUMBER IDENTIFIER | |
| control field | OSt |
| 005 - DATE AND TIME OF LATEST TRANSACTION | |
| control field | 20220314092027.0 |
| 008 - FIXED-LENGTH DATA ELEMENTS--GENERAL INFORMATION | |
| fixed length control field | 120524t xxu||||| |||| 00| 0 eng d |
| 020 ## - INTERNATIONAL STANDARD BOOK NUMBER | |
| International Standard Book Number | 9781408088463 |
| 040 ## - CATALOGING SOURCE | |
| Transcribing agency | LC |
| 050 ## - LIBRARY OF CONGRESS CALL NUMBER | |
| Classification number | HF5437.W76 |
| 100 ## - MAIN ENTRY--PERSONAL NAME | |
| Personal name | Weele, Arjan J. Van |
| 245 ## - TITLE STATEMENT | |
| Title | Purchasing and supply chain management: analysis, strategy, planning and practice. / |
| Statement of responsibility, etc. | Arjan J. Van Weele. |
| 250 ## - EDITION STATEMENT | |
| Edition statement | 6th ed. |
| 260 ## - PUBLICATION, DISTRIBUTION, ETC. | |
| Place of publication, distribution, etc. | London: |
| Name of publisher, distributor, etc. | Cengage Learning, |
| Date of publication, distribution, etc. | 2014. |
| 300 ## - PHYSICAL DESCRIPTION | |
| Extent | xxvii, 438 p.: |
| Other physical details | ill; |
| 500 ## - GENERAL NOTE | |
| General note | Includes index |
| 505 ## - FORMATTED CONTENTS NOTE | |
| Formatted contents note | Contents: The role of purchasing in the value chain -- Industrial buying behaviour: decision-making in purchasing -- The purchaing and management process -- Buying business services -- Contract management for complex projects -- Market structures and supply market research -- Purchasing and business strategy -- Outsourcing and risk management -- Category sourcing: getting better performance from suppliers -- purchasing, innovation and quality management -- Purchasing, logistics and supply-chain management -- Organization and structure of purchasing -- Performance measurement -- Purchasing, corporate social responsibility and integrity -- Supplier management: cost approaches and techniques -- Purchasing and facilities management -- Public procurement -- Buying and supply management in retail -- |
| 650 ## - SUBJECT ADDED ENTRY--TOPICAL TERM | |
| Topical term or geographic name entry element | Business logistics. |
| 650 ## - SUBJECT ADDED ENTRY--TOPICAL TERM | |
| Topical term or geographic name entry element | Marketing channels -- Management |
| 650 ## - SUBJECT ADDED ENTRY--TOPICAL TERM | |
| Topical term or geographic name entry element | Physical distribution of goods -- Management. |
| 942 ## - ADDED ENTRY ELEMENTS (KOHA) | |
| Source of classification or shelving scheme | Library of Congress Classification |
| Koha item type | Books |
| Withdrawn status | Lost status | Source of classification or shelving scheme | Damaged status | Not for loan | Home library | Current library | Shelving location | Date acquired | Source of acquisition | Full call number | Barcode | Date last seen | Copy number | Price effective from | Koha item type |
|---|---|---|---|---|---|---|---|---|---|---|---|---|---|---|---|
| Library of Congress Classification | WISCONSIN INTERNATIONAL UNIVERSITY COLLEGE, GHANA KUMASI LIBRARY | WISCONSIN INTERNATIONAL UNIVERSITY COLLEGE, GHANA KUMASI LIBRARY | General Stacks | 20/11/2019 | STM | HF5437.W76(6e) | K/2676/2676/19 | 30/06/2020 | 1 | 30/06/2020 | Books | ||||
| Library of Congress Classification | WISCONSIN INTERNATIONAL UNIVERSITY COLLEGE, GHANA KUMASI LIBRARY | WISCONSIN INTERNATIONAL UNIVERSITY COLLEGE, GHANA KUMASI LIBRARY | General Stacks | 20/11/2019 | STM | HF5437.W761(6e) | K/2677/2677/19 | 11/03/2022 | 2 | 30/06/2020 | Books |
